Information technologies in medicine (E-BOOK) (Record no. 191707)

000 -LEADER
fixed length control field 01059 a2200289 4500
003 - CONTROL NUMBER IDENTIFIER
control field Nust
005 - DATE AND TIME OF LATEST TRANSACTION
control field 20170207154022.0
010 ## - LIBRARY OF CONGRESS CONTROL NUMBER
LC control number 00042259
020 ## - INTERNATIONAL STANDARD BOOK NUMBER
International Standard Book Number 0471388637 (cloth : alk. paper)
020 ## - INTERNATIONAL STANDARD BOOK NUMBER
International Standard Book Number 0471414921 (v. 2)
040 ## - CATALOGING SOURCE
Transcribing agency Nust
082 00 - DEWEY DECIMAL CLASSIFICATION NUMBER
Classification number 610.285
245 00 - TITLE STATEMENT
Title Information technologies in medicine (E-BOOK)
Statement of responsibility, etc. edited by Metin Akay, Andy Marsh.
246 30 - VARYING FORM OF TITLE
Title proper/short title Medical simulation and education
260 ## - PUBLICATION, DISTRIBUTION, ETC.
Place of publication, distribution, etc. New York :
Name of publisher, distributor, etc. Wiley,
Date of publication, distribution, etc. c2001.
300 ## - PHYSICAL DESCRIPTION
Extent 2 v. :
Other physical details ill. ;
Dimensions 24 cm.
505 1# - FORMATTED CONTENTS NOTE
Formatted contents note Part 1:Treatment 1 Part 2: Telemedicine And Telesurgery 109
650 #0 - SUBJECT ADDED ENTRY--TOPICAL TERM
Topical term or geographic name entry element Computer vision in medicine.
650 #0 - SUBJECT ADDED ENTRY--TOPICAL TERM
Topical term or geographic name entry element Robotics in medicine.
650 #0 - SUBJECT ADDED ENTRY--TOPICAL TERM
Topical term or geographic name entry element Virtual reality in medicine.
651 ## - SUBJECT ADDED ENTRY--GEOGRAPHIC NAME
Geographic name E-BOOK
700 1# - ADDED ENTRY--PERSONAL NAME
Personal name Akay, Metin.
700 1# - ADDED ENTRY--PERSONAL NAME
Personal name Marsh, Andy.
856 42 - ELECTRONIC LOCATION AND ACCESS
Materials specified Contributor biographical information
Uniform Resource Identifier <a href="http://www.loc.gov/catdir/bios/wiley043/00042259.html">http://www.loc.gov/catdir/bios/wiley043/00042259.html</a>
856 42 - ELECTRONIC LOCATION AND ACCESS
Materials specified Publisher description
Uniform Resource Identifier <a href="http://www.loc.gov/catdir/description/wiley035/00042259.html">http://www.loc.gov/catdir/description/wiley035/00042259.html</a>
856 42 - ELECTRONIC LOCATION AND ACCESS
Materials specified Table of Contents
Uniform Resource Identifier <a href="http://www.loc.gov/catdir/toc/onix06/00042259.html">http://www.loc.gov/catdir/toc/onix06/00042259.html</a>
942 ## - ADDED ENTRY ELEMENTS (KOHA)
Source of classification or shelving scheme
Koha item type Book
Holdings
Withdrawn status Lost status Source of classification or shelving scheme Damaged status Not for loan Collection code Permanent Location Current Location Date acquired Total Checkouts Full call number Barcode Date last seen Price effective from Koha item type
            Military College of Signals (MCS) Military College of Signals (MCS) 12/12/2016   610.285 INF MCSEB-932 12/08/2016 12/12/2016 Book
© 2023 Central Library, National University of Sciences and Technology. All Rights Reserved.